MANUAL OF RESPIRATORY MEDICINE. (Record no. 217070)
[ view plain ]
| 000 -LEADER | |
|---|---|
| fixed length control field | 00512nam a22001577a 4500 |
| 008 - FIXED-LENGTH DATA ELEMENTS--GENERAL INFORMATION | |
| fixed length control field | 260429b |||||||| |||| 00| 0 eng d |
| 020 ## - INTERNATIONAL STANDARD BOOK NUMBER | |
| International Standard Book Number | 978-81-8448-436-6 |
| 050 ## - LIBRARY OF CONGRESS CALL NUMBER | |
| Classification number | RC 731 .H57 2008 |
| 100 ## - MAIN ENTRY--PERSONAL NAME | |
| Personal name | HIRA, HARMANJIT SINGH. |
| 245 ## - TITLE STATEMENT | |
| Title | MANUAL OF RESPIRATORY MEDICINE. |
| 260 ## - PUBLICATION, DISTRIBUTION, ETC. | |
| Place of publication, distribution, etc. | NEW DELHI, |
| Name of publisher, distributor, etc. | JAYPEE BROTHERS MEDICAL PUBLISHERS(P) LTD, |
| Date of publication, distribution, etc. | 2008 |
| 500 ## - GENERAL NOTE | |
| General note | INCLUDES INDEX. |
| 650 ## - SUBJECT ADDED ENTRY | |
| Topical term or geographic name entry element | 1. RESPIRATORY DISEASES. 2. RESPIRATORY ORGANS- DISEASES. |
| 942 ## - ADDED ENTRY ELEMENTS (KOHA) | |
| Source of classification or shelving scheme | Library of Congress Classification |
| Koha item type | Long Loan Book |
| Withdrawn status | Lost status | Source of classification or shelving scheme | Damaged status | Not for loan | Collection | Home library | Current library | Shelving location | Date acquired | Inventory number | Total checkouts | Full call number | Barcode | Date last seen | Copy number | Price effective from | Koha item type |
|---|---|---|---|---|---|---|---|---|---|---|---|---|---|---|---|---|---|
| Library of Congress Classification | Medicine | Kisii University Library | Kisii University Library | On Display | 04/29/2026 | 113261 | RC 731 .H57 2008 | A001451 | 04/29/2026 | 1 | 04/29/2026 | Long Loan Book |